000 00369pab a2200157 454500
008 180718b2010 xxu||||| |||| 00| 0 eng d
100 _aJena, Manipadma
245 _aVillage sanitation and the little Swasthya Sainiks
260 _c2010
300 _ap.9-10.
362 _aNov
650 _aSanitation
773 _aSocial Welfare
908 _aN
909 _a89913
999 _c89913
_d89913